Publicista Andrej Sirácky /

Hlavní autor: Šiška, Miroslav, 1952-
Jazyk: Čeština
Vydáno: Praha : Novinář, 1986
Vydání: 1. vyd.
Edice: Osobnosti české a slovenské žurnalistiky
Témata:
Fyzický popis: 248 s., obr. příl.
Knihy
Uloženo v:
LEADER 00946nam a22002652a 4500
001 000072501
003 CZ BrMZK
005 20070905075051.0
007 ta
008 950407s1986 xr af f cze d
040 |a BOA001  |b cze 
080 9 |a 07(437.6):92 Sirácky 
100 1 |a Šiška, Miroslav,  |d 1952-  |7 xx0004637  |4 aut 
245 1 0 |a Publicista Andrej Sirácky /  |c Miroslav Šiška 
250 |a 1. vyd. 
260 |a Praha :  |b Novinář,  |c 1986 
300 |a 248 s., obr. příl. 
490 1 |a Osobnosti české a slovenské žurnalistiky 
500 |a Frontispis 
830 0 |a Osobnosti české a slovenské žurnalistiky  |0 s 
910 |a BOA001  |b PK-A-0018.866  |b 1-0911.650 
964 |a Sirácky, Andrej - život a dílo 
990 |a BK 
996 6 |b 2619598032  |c 1-0911.650  |l MZK  |r Sklad / do 1 hodiny  |n 0  |w 000072501  |u 000020  |a 1  |e BOA001  |j MZK50  |s P 
996 7 |b 3119963147  |c PK-A-0018.866  |l MZK  |r Sklad / do 1 hodiny  |n 1  |w 000072501  |u 000010  |a 1  |e BOA001  |j MZK50  |s A